LEADER 02067 am 22005413u 450 001 9910156515803321 005 20230621140158.0 024 7 $a10.26530/oapen_621074 035 $a(CKB)3710000000987283 035 $a(OAPEN)621074 035 $a(oapen)https://directory.doabooks.org/handle/20.500.12854/29092 035 $a(EXLCZ)993710000000987283 100 $a20200128d2017 uy 101 0 $ager 135 $aurmu#---|uuuu 181 $ctxt$2rdacontent 182 $cc$2rdamedia 183 $acr$2rdacarrier 200 10$aDeutsche und Ungarn im südöstlichen Europa $eIdentitäts- und Ethnomanagement /$fKlaus-Jürgen Hermanik 210 $cBöhlau$d2016 210 1$aWien :$cBöhlau,$d2016 215 $a1 online resource (474 pages) 311 $a3-205-20264-3 330 $aDer zeiltiche Fokus liegt vor allem auf der postsozialistischen Zeit ab 1989/90 bis etwa 2012; die räumliche Ausdehnung der Forschungen schliesst Ungarn (Herberge- Patronagestaat), Slowenien, Kroatien (Slawonien), Serbien (Vojvodina), und Rumänien (Siebenbürgen sowie Deutschland und Österreich als Patronagestaaten für die Deutschen mit ein. 606 $aPolitics & government$2bicssc 610 $aHungarian minority 610 $aGerman minority 610 $aSoutheast Europe 610 $aidentity- and ethnomanagement 610 $aminorities? politics and -culture 610 $aminorities? societies and ?self-governments 610 $aUngarische Minderheit 610 $aDeutsche Minderheit 610 $aSüdosteuropa 610 $aIdentitäts- und Ethnomanagement 610 $aMinderheitenpolitik und -kultur 610 $aMinderheitenvereine und ?selbstverwaltungen. 610 $aEthnie 610 $aUngarn 610 $aUngarndeutsche 615 7$aPolitics & government 676 $a949.605 700 $aHermanik$b Klaus-Jürgen$0952352 801 2$bUkMaJRU 906 $aBOOK 912 $a9910156515803321 996 $aDeutsche und Ungarn im südöstlichen Europa$92152895 997 $aUNINA LEADER 04675nam 2200853 450 001 9910793123803321 005 20181215165950.0 010 $a1-78533-668-1 024 7 $a10.1515/9781785336683 035 $a(CKB)4100000007008150 035 $a(MiAaPQ)EBC5541091 035 $a(DE-B1597)637438 035 $a(DE-B1597)9781785336683 035 $a(EXLCZ)994100000007008150 100 $a20181105d2019 uy 0 101 0 $aeng 135 $aurcnu|||||||| 181 $ctxt$2rdacontent 182 $cc$2rdamedia 183 $acr$2rdacarrier 200 04$aThe global age-friendly community movement $ea critical appraisal /$fedited by Philip B. Stafford 210 1$aNew York ;$aOxford :$cBerghahn,$d2019. 215 $a1 online resource (286 pages) 225 1 $aLife course, culture and aging: global transformations ;$vVolume 5 311 $a1-78533-667-3 320 $aIncludes bibliographical references and index. 327 $aIntroduction : theorizing and practicing age-friendly development / Philip B. Stafford -- Creating age-friendly communities in urban environments : research issues and policy recommendations / Tine Buffel and Chris Phillipson -- Training advocates to undertake livable community initiatives : a pilot program / Sharon A. Baggett -- Public places, community, and the physical and mental health of children and elders / Suzanne H. Crowhurst Lennard -- The intersection between sustainable and age-friendly development / Alan DeLaTorre -- Accessibility, participation, networking : the impact of a local network on the environment and the life relationship of older people / Birgit Wolter -- Assessing the aging-friendliness of two New York City neighborhoods : a case study / Mia R. Oberlink and Barbara S. Davis -- Communities for all ages : reinforcing and re-imagining the social compact / Corita Brown and Nancy Henkin -- Ibasho Cafe : giving elders a role to play in making communities more resilient / Emi Kiyota -- Youth and older persons as agents for change : creating an inclusive and age-friendly society for all / Kristin Bodiford, Arthur Namara, and Luke Nchichupa -- Retrofitting small towns : how aging-in-place could transform rural America / Zachary Benedict -- Creating an age-friendly community in a depopulated town in Japan : a search for resilient ways to cherish new commons as local cultural resources -- Nanami suzuki -- Relational well-being and age-friendly cities / Marian Barnes. 330 $aThe age-friendly community movement is a global phenomenon, currently growing with the support of the WHO and multiple international and national organizations in the field of aging. Drawing on an extensive collection of international case studies, this volume provides an introduction to the movement. The contributors ? both researchers and practitioners ? touch on a number of current tensions and issues in the movement and offer a wide-ranging set of recommendations for advancing age-friendly community development. The book concludes with a call for a radical transformation of a medical and lifestyle model of aging into a relational model of health and social/individual wellbeing. 410 0$aLife course, culture and aging ;$vVolume 5. 606 $aOlder people$xServices for$zUnited States 606 $aOlder people$xHousing$zUnited States 606 $aCommunity development$zUnited States 610 $aage friendly. 610 $aaging populations. 610 $aaging. 610 $aanthropology. 610 $acivic. 610 $acommunity movement. 610 $acommunity. 610 $acurrent affairs. 610 $adeath. 610 $aengaging. 610 $afamily. 610 $agenerational. 610 $agerontology. 610 $agovernment and governing. 610 $ahealth care. 610 $ahealth. 610 $ahistory. 610 $ainternational case studies. 610 $amedical model of aging. 610 $apolitics. 610 $apublic policy. 610 $asocial conditions. 610 $asocial issues. 610 $asocial problems. 610 $asocial science. 610 $asocial services. 610 $asociology. 610 $awelfare. 610 $awell being. 610 $awho. 615 0$aOlder people$xServices for 615 0$aOlder people$xHousing 615 0$aCommunity development 676 $a362.6/30973 702 $aStafford$b Philip B. 801 0$bMiAaPQ 801 1$bMiAaPQ 801 2$bMiAaPQ 906 $aBOOK 912 $a9910793123803321 996 $aThe global age-friendly community movement$93760604 997 $aUNINA